000 01024cam a2200289 a 4500
001 12620318
003 ARRUPE
005 20150222020004.0
008 800117s2001 ii b 001 0 eng
010 _a 2001416406
020 _a8172146140
025 _aI-E-2001-416406; 13; 05
035 _a(DLC) 2001416406
037 _bLibrary of Congress -- New Delhi Overseas Office
_cRs95.00 ($9.00 U.S.)
040 _aDLC
_cDLC
042 _alcode
050 0 0 _aBL51
_b.P42 2001
100 1 _aPerumalil, Augustine.
_91225
245 1 4 _aThe origin and nature of religion :
_btracing the common origin and nature of religion behind the multiplicity of beliefs and practices /
_cAugustine Perumalil.
260 _aDelhi :
_bISPCK,
_c2001.
300 _axi, 316 p. ;
_c23 cm.
504 _aIncludes bibliographical references (p. [306]-311) and index.
650 0 _aReligion
_xPhilosophy.
_91226
906 _a7
_bcbc
_corigode
_d3
_encip
_f20
_gy-gencatlg
942 _2lcc
_cMONOGRAPH
_01
999 _c118035
_d118035